Сборник задач по статистике водного транспорта (Запись № 12437836)

Подробности
000 -МАРКЕР
контрольное поле 02810nam1a2200325 i 4500
001 - ИДЕНТИФИКАТОР ЗАПИСИ
контрольное поле RU\NLR\BIBL_A\012553470
005 - ИДЕНТИФИКАТОР ВЕРСИИ
контрольное поле 20260406044257.0
035 ## - ДРУГИЕ СИСТЕМНЫЕ НОМЕРА
Идентификатор записи (NLR Aleph) 012553470
100 ## - ДАННЫЕ ОБЩЕЙ ОБРАБОТКИ
Данные общей обработки 20210625g2020 um y0rusy50 ca
101 0# - ЯЗЫК РЕСУРСА
Язык текста, звукозаписи и т.д. русский
102 ## - СТРАНА ПУБЛИКАЦИИ ИЛИ ПРОИЗВОДСТВА
Страна публикации Российская Федерация
105 ## - ПОЛЕ КОДИРОВАННЫХ ДАННЫХ: ТЕКСТОВЫЕ МАТЕРИАЛЫ, МОНОГРАФИЧЕСКИЕ
Кодированные данные о монографическом текстовом документе ||||j||||||||
181 #0 - ПОЛЕ КОДИРОВАННЫХ ДАННЫХ: ВИД СОДЕРЖАНИЯ
Код вида содержания (ISBD) i3
Код характеристики содержания (ISBD) axxe
182 #0 - ПОЛЕ КОДИРОВАННЫХ ДАННЫХ: ТИП СРЕДСТВА
Код типа средства (ISBD) n - непосредственное
200 1# - ЗАГЛАВИЕ И СВЕДЕНИЯ ОБ ОТВЕТСТВЕННОСТИ
Основное заглавие Сборник задач по статистике водного транспорта
Сведения, относящиеся к заглавию учебно-методическое пособие
-- для студентов всех форм обучения по направлениям: 38.03.01 "Экономика", 38.03.02 "Менеджмент", 38.03.04 "Государственное и муниципальное управление", 26.03.01 "Управление водным транспортом и гидрографическое обеспечение судоходства", 09.03.03 "Прикладная информатика"
Первые сведения об ответственности В. А. Бабурин, И. В. Малыхина, В. П. Шилкин, И. Д. Шилкина
Последующие сведения об ответственности Федеральное агентство морского и речного транспорта, Федеральное государственное бюджетное образовательное учреждение высшего образования Государственный университет морского и речного флота имени адмирала С. О. Макарова, Институт водного транспорта, Кафедра математического моделирования и прикладной информатики
203 ## - ВИД СОДЕРЖАНИЯ И ТИП СРЕДСТВА
Вид содержания Текст
Дополнительные сведения об издании визуальный
Тип средства непосредственный
210 ## - ПУБЛИКАЦИЯ, РАСПРОСТРАНЕНИЕ И ДР.
Место издания, распространения и т.д. Санкт-Петербург
Имя издателя, распространителя и т. д. Изд-во ГУМРФ им. адм. С.О. Макарова
Дата издания, распространения и т.д. 2020
215 ## - ФИЗИЧЕСКАЯ ХАРАКТЕРИСТИКА
Размеры 30
300 ## - ОБЩИЕ ПРИМЕЧАНИЯ
Текст примечания В вып. дан. авт.: к.т.н. проф. В.А. Бабурин, к.т.н., доц. И.. В. Малыхина, к.э.н., доц. В.П. Шилкин, к.э.н., проф. И.Д. Шилкина
606 ## - НАИМЕНОВАНИЕ ТЕМЫ КАК ПРЕДМЕТ
Наименование темы Водный транспорт
Формальный подзаголовок Задачники
Тематический подзаголовок Статистика
Системный номер авторитетной/нормативной записи 1266870
Идентификатор авторитетной/нормативной записи RU\NLR\AUTH\66203211
686 1# - ИНДЕКСЫ ДРУГИХ КЛАССИФИКАЦИЙ
Индекс У051.9(2)374(2Р)я73-4
701 #1 - ИМЯ ЛИЦА - АЛЬТЕРНАТИВНАЯ ОТВЕТСТВЕННОСТЬ
Материалы, к которым относится поле rus
Графика поля Кириллица
Начальный элемент ввода Бабурин
Часть имени, кроме начального элемента ввода В. А.
Расширение инициалов личного имени Валерий Александрович
Идентификатор авторитетной/нормативной записи RU\NLR\AUTH\774178
Системный номер авторитетной/нормативной записи 114161
701 #1 - ИМЯ ЛИЦА - АЛЬТЕРНАТИВНАЯ ОТВЕТСТВЕННОСТЬ
Начальный элемент ввода Малыхина
Часть имени, кроме начального элемента ввода И. В.
Дополнения к именам, кроме дат канд. техн. наук
Расширение инициалов личного имени Ирина Вячеславовна
Системный номер авторитетной/нормативной записи 188197
Идентификатор авторитетной/нормативной записи RU\NLR\AUTH\770188248
701 #1 - ИМЯ ЛИЦА - АЛЬТЕРНАТИВНАЯ ОТВЕТСТВЕННОСТЬ
Начальный элемент ввода Шилкин
Часть имени, кроме начального элемента ввода В.П.
Расширение инициалов личного имени Владимир Петрович
701 #1 - ИМЯ ЛИЦА - АЛЬТЕРНАТИВНАЯ ОТВЕТСТВЕННОСТЬ
Начальный элемент ввода Шилкина
Часть имени, кроме начального элемента ввода И. Д.
Дополнения к именам, кроме дат канд. экон. наук
Расширение инициалов личного имени Ирина Дмитриевна
Системный номер авторитетной/нормативной записи 188195
Идентификатор авторитетной/нормативной записи RU\NLR\AUTH\770188246
852 ## - МЕСТОНАХОЖДЕНИЕ И ШИФР ХРАНЕНИЯ
Идентификатор организации NLR
Шифр хранения (Call Number) 2021-8/2000
942 ## - ДОПОЛНИТЕЛЬНЫЕ ЭЛЕМЕНТЫ ЗАПИСИ (АБИС)
Тип экземпляра АБИС Книга

Нет доступных экземпляров.